Annuaire Statistique 1991 Luxembourg

Gespeichert in:
Bibliographische Detailangaben
Format: Buch
Sprache:Französisch
Veröffentlicht: Luxembourg Service central de la statistique 1992
Ausgabe:1. ed.
Schlagworte:
Tags: Tag hinzufügen
Keine Tags, Fügen Sie das erste Tag hinzu!

MARC

LEADER 00000nam a2200000 4500
001 c002224
005 20221221080638.7
041 0 |a fre 
044 |a LU 
245 1 0 |a Annuaire Statistique 1991  |b Luxembourg 
250 |a 1. ed. 
264 1 |a Luxembourg  |b Service central de la statistique  |c 1992 
300 |a Prer. s. 
610 2 0 |a Luxembursko 
610 2 0 |a 1991 
610 2 0 |a obyvateľstvo 
610 2 0 |a odvetvia činnosti ekonomickej 
610 2 0 |a sféra výrobná 
610 2 0 |a sféra nevýrobná 
610 2 0 |a financie 
610 2 0 |a ceny 
610 2 0 |a spotreba 
610 2 0 |a banky 
610 2 0 |a peniaze 
610 2 0 |a úver 
610 2 0 |a súdnictvo 
610 2 0 |a prostredie životné 
610 2 0 |a politika 
610 2 0 |a náboženstvo 
610 2 0 |a zdravotníctvo 
610 2 0 |a telovýchova 
610 2 0 |a vzťahy hospodárske medzinárodné